QCM culture G (moyen) - Statistiques

Statistiques générales
  • Ce quiz a été pris 57 fois
  • Le résultat moyen est 5 sur 10
Statistiques - réponses
Question Réponse % Correct
Quel peintre a rendu célèbre les boîtes de soupe Campbell’s ? Andy Warhol
67%
Combien y a-t-il de touches sur un clavier de piano ? 88
63%
Quel est le quatrième état de la matière, avec gazeux, liquide et solide ? Plasma
60%
Combien de tournois du Grand Chelem Rafael Nadal a-t-il gagné avant de prendre sa retraite en 2024 ? 22
58%
De qui l’empereur Auguste était-il le fils adoptif ? Jules César
58%
Quelle planète gazeuse est la plus volumineuse de notre Système solaire ? Jupiter
56%
Au football, quel type de remise en jeu est effectuée après une sortie de but par l’équipe adverse ? Six mètres
56%
Quel animal peut vivre plusieurs jours sans tête ? Le cafard
48%
Quelle grande ville a mis en service la première ligne urbaine de tramway en 1832 ? New-York
23%
Combien d’utérus possède un kangourou femelle ? Trois
6%
Aucun quiz correspondant
Distribution des résultats
% des personnes avec chaque résultat
Percentile par nombre de réponses
Votre historique - résultats
Vous n’avez pas pris ce quiz